| 000 | 00520nam a22001697a 4500 | ||
|---|---|---|---|
| 005 | 20231115121926.0 | ||
| 008 | 231115b |||||||| |||| 00| 0 eng d | ||
| 022 | _20702114057 | ||
| 082 | _a344.1 RIN | ||
| 100 |
_aRingnose, HG _lEnglish |
||
| 245 |
_aThe Law and Practice of Employment / _cHG Ringnose |
||
| 250 | _aSecond Edition | ||
| 260 |
_aCape Town : _bJuta and Company Ltd, _c1976 |
||
| 300 |
_bxi, 275 pages ; _c25,5 cm. |
||
| 650 |
_aLegal practice _bLaw |
||
| 942 |
_cBK _6ALISON_BN_VRIES |
||
| 999 |
_c673 _d673 |
||